Eastern Utah Libraries Catalog: Duchesne, Heber, Roosevelt, & Vernal

Royal : (Record no. 352728)

MARC details
000 -LEADER
fixed length control field 02623cam a2200505Ii 4500
001 - CONTROL NUMBER
control field on1182610778
003 - CONTROL NUMBER IDENTIFIER
control field OCoLC
005 - DATE AND TIME OF LATEST TRANSACTION
control field 20200902145506.0
008 - FIXED-LENGTH DATA ELEMENTS--GENERAL INFORMATION
fixed length control field 200806s2020 nyu e 000 1 eng d
040 ## - CATALOGING SOURCE
Original cataloging agency NjBwBT
Language of cataloging eng
Description conventions rda
Transcribing agency FMG
Modifying agency FMG
-- LE@
-- IK2
-- UAP
-- YDX
-- BDX
-- SSH
-- OCLCF
-- MJ8
-- OCO
-- TCH
-- ILC
-- OCLCO
-- NZAUC
-- OCLCQ
-- UINTA
019 ## -
-- 1129028290
020 ## - INTERNATIONAL STANDARD BOOK NUMBER
International Standard Book Number 9780399179655
Qualifying information (hardcover)
020 ## - INTERNATIONAL STANDARD BOOK NUMBER
International Standard Book Number 0399179658
Qualifying information (hardcover)
035 ## - SYSTEM CONTROL NUMBER
System control number (OCoLC)1182610778
Canceled/invalid control number (OCoLC)1129028290
043 ## - GEOGRAPHIC AREA CODE
Geographic area code e-uk-en
050 14 - LIBRARY OF CONGRESS CALL NUMBER
Classification number PS3569.T33828
Item number R69 2020
082 04 - DEWEY DECIMAL CLASSIFICATION NUMBER
Classification number 813/.54
Edition number 23
049 ## - LOCAL HOLDINGS (OCLC)
Holding library UCLB
100 1# - MAIN ENTRY--PERSONAL NAME
Personal name Steel, Danielle,
Relator term author.
9 (RLIN) 6372269
245 10 - TITLE STATEMENT
Title Royal :
Remainder of title a novel /
Statement of responsibility, etc Danielle Steel.
250 ## - EDITION STATEMENT
Edition statement First edition.
264 #1 - Production, Publication, Distribution, Manufacture, and Copyright Notice.
Place of production, publication, distribution, manufacture New York :
Name of producer, publisher, distributor, manufacturer Delacorte Press,
Date of production, publication, distribution, manufacture, or copyr [2020]
264 #4 - Production, Publication, Distribution, Manufacture, and Copyright Notice.
Date of production, publication, distribution, manufacture, or copyr �2020
300 ## - PHYSICAL DESCRIPTION
Extent 272 pages ;
Dimensions 25 cm
336 ## - Content Type
Content type term text
337 ## - Media type
Media type term unmediated
338 ## - Carrier type
Carrier type term volume
520 ## - SUMMARY, ETC.
Summary, etc Summer, 1943. The King and Queen choose to send their youngest daughter, Princess Charlotte, to live with a noble family in the country. Despite her headstrong nature, the princess's fragile health poses far too great a risk for her to remain in war-torn London. She arrives in Yorkshire under an alias; only her guardians know her true identity. Charlotte befriends a young evacuee, trains with her cherished horse - and falls deeply in love with her protectors' son. When a tragic turn of events leaves an infant orphaned, the child is raised in humble circumstances by a stable manager and his wife. No one, not even she, knows of her lineage. When a stack of hidden letters comes to light, a secret kept for nearly two decades finally surfaces, and a long lost princess emerges. -- adapted from jacket
650 #0 - SUBJECT ADDED ENTRY--TOPICAL TERM
Topical term or geographic name as entry element Princesses
Form subdivision Fiction.
9 (RLIN) 5673903
650 #0 - SUBJECT ADDED ENTRY--TOPICAL TERM
Topical term or geographic name as entry element World War, 1939-1945
Form subdivision Fiction.
9 (RLIN) 5674351
650 #0 - SUBJECT ADDED ENTRY--TOPICAL TERM
Topical term or geographic name as entry element Evacuation of civilians
Geographic subdivision England
Form subdivision Fiction.
9 (RLIN) 6372270
650 #0 - SUBJECT ADDED ENTRY--TOPICAL TERM
Topical term or geographic name as entry element Life change events
Form subdivision Fiction.
9 (RLIN) 5674438
650 #0 - SUBJECT ADDED ENTRY--TOPICAL TERM
Topical term or geographic name as entry element Orphans
Form subdivision Fiction.
9 (RLIN) 5673861
650 #0 - SUBJECT ADDED ENTRY--TOPICAL TERM
Topical term or geographic name as entry element Family secrets
Form subdivision Fiction.
9 (RLIN) 5674538
650 #7 - SUBJECT ADDED ENTRY--TOPICAL TERM
Topical term or geographic name as entry element FICTION
General subdivision Women.
Source of heading or term bisacsh
9 (RLIN) 6372271
650 #7 - SUBJECT ADDED ENTRY--TOPICAL TERM
Topical term or geographic name as entry element FICTION
General subdivision Family Life
-- General.
Source of heading or term bisacsh
9 (RLIN) 6372272
650 #7 - SUBJECT ADDED ENTRY--TOPICAL TERM
Topical term or geographic name as entry element FICTION
General subdivision Romance
-- Historical
-- 20th Century.
Source of heading or term bisacsh
9 (RLIN) 6372273
655 #7 - INDEX TERM--GENRE/FORM
Genre/form data or focus term Domestic fiction.
Source of term fast
-- (OCoLC)fst01726589
9 (RLIN) 6372274
655 #7 - INDEX TERM--GENRE/FORM
Genre/form data or focus term Historical fiction.
Source of term gsafd
9 (RLIN) 6372275
655 #7 - INDEX TERM--GENRE/FORM
Genre/form data or focus term Historical fiction.
Source of term lcgft
9 (RLIN) 6372275
655 #7 - INDEX TERM--GENRE/FORM
Genre/form data or focus term Romance fiction.
Source of term lcgft
9 (RLIN) 6372276
938 ## -
-- Brodart
-- BROD
-- 126413274
938 ## -
-- YBP Library Services
-- YANK
-- 16553259
994 ## -
-- C0
-- UINTA
Holdings
Withdrawn status Lost status Source of classification or shelving scheme Damaged status Not for loan Collection code Home library Current library Shelving location Date acquired Source of acquisition Total Checkouts Total Renewals Full call number Barcode Date last seen Date checked out Cost, replacement price Price effective from Koha item type
    Dewey Decimal Classification     Fiction Wasatch County Library Wasatch County Library First Floor 07/27/2021 Donation 15 11 F Steel 34301001870049 09/12/2025 09/05/2025 28.99 07/27/2021 BOOK
This project was made possible through a grant from the Institute of Museum and Library Service administered by the Utah State Library Division.

Wasatch County Library

  • 465 East 1200 South, Heber City, Utah 84032
  • Phone 435-654-1511 | Fax 435-654-6456

Hours

  • Monday - Friday 9:30 AM - 8:00 PM
  • Saturday 9:30 AM - 1:30 PM
  • Closed Sundays and Holidays